| 000 | 01454cam a22003251i 4500 | ||
|---|---|---|---|
| 003 | SA-RiAUC | ||
| 005 | 20250512095122.0 | ||
| 008 | 250512s2016 su a g 000 0 ara c | ||
| 020 | _a9786030199112 | ||
| 040 |
_aSA-JeALM _bara _cSA-RiAUC _erda |
||
| 043 | _aa-su--- | ||
| 082 | 0 | 4 |
_a081 _qSA-RiAUC |
| 090 |
_a081 _b ش ع ي |
||
| 100 | 1 |
_aشعيب، حسن بن محمد بن حسن _eمؤلف. |
|
| 245 | 1 | 2 |
_aالنغري المكي / _cحسن محمد شعيب. |
| 250 | _aالطبعة الأولى. | ||
| 264 | 1 |
_aجدة [السعودية] : _bدار ظبي الريم للنشر والتوزيع، _c2016 |
|
| 300 |
_a242 صفحة : _bمصور ؛ _c21 × 15 سم |
||
| 336 |
_aنص _btxt _2rdacontent _3كتاب |
||
| 337 |
_aبدون وسيط _bn _2rdamedia |
||
| 338 |
_aمجلد _bnc _2rdacarrier |
||
| 500 | _aإهداء من المؤلف حسن محمد شعيب بتاريخ 1437/5/5 هـ | ||
| 650 | 7 |
_aالمقالات العربية _zالسعودية _yقرن 15 هجري _2aucsh |
|
| 650 | 7 |
_aالتعليم _zمكة المكرمة _vمقالات ومحاضرات _2aucsh |
|
| 650 | 7 |
_aالثقافة _zمكة المكرمة _vمقالات ومحاضرات _2aucsh |
|
| 651 | 7 |
_aمكة المكرمة _xأحوال اجتماعية _vمقالات ومحاضرات _2aucsh |
|
| 651 | 7 |
_aمكة المكرمة _xتاريخ _vمقالات ومحاضرات _2aucsh |
|
| 942 |
_2ddc _cBOOK _n0 |
||
| 949 |
_aSA-JeALM _d250512 _umohamedma123 _n1 |
||
| 999 |
_c7865 _d7865 |
||